Logo BPK

Biblioteka

Politechniki Koszalińskiej

Intonation in context : (Rekord nr 47966)

Szczegóły MARC
000 -ETYKIETA REKORDU
podpole kontrolne o stałej długości 00436nam a2200145 i 4500
001 - NUMER KONTROLNY REKORDU
pole kontrolne bgj
040 ## - ŹRÓDŁO KATALOGOWANIA
Instytucja, która utworzyła rekord BPK
041 ## - KOD JĘZYKA
Kod języka tekstu eng
008 - POLE O STAŁEJ DŁUGOŚCI - DANE KONTROLNE
podpole kontrolne o stałej długości s uk f |000 0 eng
100 1# - NAZWA OSOBOWA
Nazwa osobowa BRADFORD, Barbara
245 #0 - TYTUŁ/ODPOWIEDZIALNOŚĆ
Tytuł Intonation in context :
Ciąg dalszy tytułu intonation practice for upper-intermediate and advanced learners of English : student's book /
Pozostałe elementy strefy tytułu i oznaczenia odpowiedzialności Barbara Bradford.
250 ## - STREFA WYDANIA
Oznaczenie wydania [4th print.].
260 ## - STREFA ADRESU WYDAWNICZEGO
Miejsce wydania Cambridge,
Data publikacji, dystrybucji/powstania dokumentu 1992.
942 ## - DODATKOWE ELEMENTY (KOHA)
Typ dokumentu Książka
Egzemplarze
Wycofany Status egzemplarza Uszkodzony Dostępność Lokalizacja stała Lokalizacja bieżąca Miejsce przechowywania Sygnatura Kod kreskowy Dział Typ dokumentu
      Tylko na miejscu Biblioteka Politechniki Koszalińskiej Biblioteka Politechniki Koszalińskiej Czytelnia Wydziałowa ul. Kwiatkowskiego 6e KA 4762 09015128 811.111'34 Język angielski - fonetyka Książka
© 2023 Biblioteka Politechniki Koszalińskiej :: KOHA